000 00728nam a2200205 a 4500
001 000021609
005 20200930011401.0
008 100909s1992 dr ab 000 0 spa d
040 _aDO-SdBNP
_bspa
_cBNPHU
082 _axxx
_bB333r
100 1 _aBatista, Domingo,
_d1946-
_943004
245 1 3 _aLa República Dominicana tesoro del Caribe = The Dominican Republic a caribbean treasure /
_cDomingo Batista, Julio González.
250 _a3a ed.
260 _aSantiago de los Caballeros :
_bAmigo del Hogar,
_c1992.
300 _a205 p. :
_bil. ; map.
500 _aIncluye datos biográficos de los autores p. 202-205
500 _aIncluye índice de fotografías
700 1 _aGonzález, Julio
_d1945-
_944979
049 _aBNPD
999 _c21108
_d21108